Statistics for Characters by the quotes 2

Click here to take the quiz!

General Stats

  • This quiz has been taken 8 times
  • The average score is 5 of 10

Answer Stats

HintAnswer% Correct
With great power comes great responsibilityBen Parker
86%
Ruh-Roh!Scooby-Doo
71%
Hello thereObi Wan Kenobi
57%
Smite me! O mighty smiter!Bruce Nolan
43%
Look! Defensless babies!Fletch
43%
I suddenly remembered my CharlemagneHenry Jones Sr.
43%
This year Christmas will be ours!Jack Skellington
43%
I can touch him!Voldemort
43%
why should the police come? Nobody's called for themWadsworth
43%
remember Sammy Jenkins?Leonard Shelby
29%

Score Distribution

Percentile by Number Answered

Percent of People with Each Score

Your Score History

You have not taken this quiz